[Event "Reunion op 09th"]
[Site "Reunion"]
[Date "2007.10.18"]
[Round "5"]
[White "Tran, Xavier"]
[Black "Vaast, Jean Philippe"]
[Result "0-1"]
[WhiteElo "1299"]
[BlackElo "1490"]
[PlyCount "50"]
[EventDate "2007.10.14"]
[EventType "swiss"]
[EventRounds "9"]
[EventCountry "RUF"]
[SourceTitle "EXT 2012"]
[Source "ChessBase"]
[SourceDate "2011.11.24"]
[SourceVersion "1"]
[SourceVersionDate "2011.11.24"]
[SourceQuality "1"]

1. e4 e6 2. d4 d5 3. e5 c5 4. c3 Qb6 5. Nf3 Nc6 6. Bd3 Bd7 7. Be2 Nge7 8. 0-0 Nf5 9. b3 cxd4 10. cxd4 Nfxd4 11. Nxd4 Qxd4 12. Qxd4 Nxd4 13. Bg4 Nc2 14. Bb2 Nxa1 15. Bxa1 Rc8 16. a4 Bb4 17. Rd1 0-0 18. h3 Rc7 19. Bb2 Rfc8 20. Kh2 Rc2 21. Ba3 Bxa3 22. Nxa3 Rxf2 23. Nc4 g6 24. Nd6 Rcc2 25. Bf3 Rxf3 0-1